| 000 | 00792nam a2200121Ia 4500 | ||
|---|---|---|---|
| 008 | 220615s9999||||xx |||||||||||||| ||und|| | ||
| 245 | 0 | _aMemory Boxes. An Experimental Approach to Cultural Transfer in History, 1500-2000 | |
| 546 | _aEnglish[eng] | ||
| 650 | _acultural studies||memory culture||history||cultural history||european history||cultural memory||cultural exchange||cultural transfer||Catholic Church||Finland | ||
| 700 | _aSarti, Cathleen||Aali, Heta||Perämäki, Anna-Leena | ||
| 856 | _uhttps://library.oapen.org/bitstream/20.500.12657/32105/1/617337.pdf||https://library.oapen.org/bitstream/20.500.12657/32105/1/617337.pdf||https://library.oapen.org/bitstream/20.500.12657/32105/1/617337.pdf||https://library.oapen.org/bitstream/20.500.12657/32105/1/617337.pdf | ||
| 942 | _cEB | ||
| 999 |
_c15763 _d15763 |
||